Evaluation of systemic fungicides in the control of Microcyclus ulei (Record no. 45660)

MARC details
000 -LEADER
fixed length control field 00372nam a2200133Ia 4500
100 ## - MAIN ENTRY--AUTHOR NAME
Personal name Santos AFD
245 #0 - TITLE STATEMENT
Title Evaluation of systemic fungicides in the control of Microcyclus ulei
260 ## - PUBLICATION, DISTRIBUTION, ETC. (IMPRINT)
Name of publisher Fitopatologia Brasileira
Year of publication 1986
300 ## - PHYSICAL DESCRIPTION
Number of Pages 171-176
520 ## - SUMMARY, ETC.
Summary, etc Vol II Marco/86
700 ## - ADDED ENTRY--PERSONAL NAME
Personal name 6aPereira JCR
942 ## - ADDED ENTRY ELEMENTS (KOHA)
Koha item type Reprints
Holdings
Withdrawn status Lost status Damaged status Not for loan Home library Current library Date acquired Serial Enumeration / chronology Koha item type
      Reprints RRII Library RRII Library 22/12/2021 Volume 11, Issue Reprints